Principle & practice in applied linguistics

Na minha lista:
Detalhes bibliográficos
Autor principal: Widdowson, H. G.
Formato: Livro
Idioma:Undetermined
Publicado em: Oxford Oxford University Press 1995
Assuntos:
Tags: Adicionar Tag
Sem tags, seja o primeiro a adicionar uma tag!
Thư viện lưu trữ: Trung tâm Học liệu Trường Đại học Cần Thơ
LEADER 00565nam a2200205Ia 4500
001 CTU_88419
008 210402s9999 xx 000 0 und d
020 |c 460000 
082 |a 420 
082 |b W638 
100 |a Widdowson, H. G. 
245 0 |a Principle & practice in applied linguistics 
245 0 |c H. G. Widdowson 
260 |a Oxford 
260 |b Oxford University Press 
260 |c 1995 
650 |a English language,Linguistics 
650 |x Study and teaching 
904 |i Giang,Hải 
980 |a Trung tâm Học liệu Trường Đại học Cần Thơ